Loading...
| Current Events | 3 | 13.33 | 100% | 33% | 0% |
| Fine Arts - Classical Music | 6 | 10.00 | 83% | 17% | 0% |
| Fine Arts - Other | 3 | 23.33 | 100% | 100% | 33% |
| Fine Arts - Painting and Sculpture | 5 | 8.00 | 60% | 20% | 0% |
| Geography | 1 | 10.00 | 100% | 0% | 0% |
| History - American | 2 | 15.00 | 100% | 50% | 0% |
| History - European | 3 | 13.33 | 100% | 33% | 0% |
| History - Other | 4 | 15.00 | 100% | 25% | 25% |
| History - World | 4 | 7.50 | 75% | 0% | 0% |
| Literature - American | 4 | 10.00 | 100% | 0% | 0% |
| Literature - British | 4 | 10.00 | 75% | 25% | 0% |
| Literature - European | 5 | 8.00 | 80% | 0% | 0% |
| Literature - World | 4 | 7.50 | 75% | 0% | 0% |
| Mythology | 2 | 15.00 | 100% | 50% | 0% |
| Philosophy | 6 | 10.00 | 100% | 0% | 0% |
| Pop Culture | 1 | 20.00 | 100% | 100% | 0% |
| Religion | 4 | 10.00 | 75% | 25% | 0% |
| Science - Biology | 4 | 0.00 | 0% | 0% | 0% |
| Science - Chemistry | 1 | 10.00 | 100% | 0% | 0% |
| Science - Other | 3 | 10.00 | 100% | 0% | 0% |
| Science - Physics | 2 | 5.00 | 50% | 0% | 0% |
| Social Science | 4 | 7.50 | 75% | 0% | 0% |